000
00238nam a2200097Ia 4500
001
1208140
005
20250827022840.0
008
250824s9999 xx 000 0 und d
245
0
_a
ZAVALLI ÇOCUK
_c
NAMIK KEMAL
260
_b
A.Ü. YAYINLARI
999
_c
1208140
_d
1208140